Central Library OPAC University of Rajshahi

সিদ্ধির শিখর : কবির অভিযাত্রা (Record no. 39592)

MARC details
000 -LEADER
fixed length control field 00837nam a2200229 a 4500
001 - CONTROL NUMBER
control field 39592
003 - CONTROL NUMBER IDENTIFIER
rucl marc code BD-RjUL
005 - DATE AND TIME OF LATEST TRANSACTION
control field 20211209053025.0
008 - FIXED-LENGTH DATA ELEMENTS--GENERAL INFORMATION
fixed length control field 160413b2014 bg ||||e |||| 00| 0 ben d
020 ## - INTERNATIONAL STANDARD BOOK NUMBER
International Standard Book Number 9789848934623
Terms of availability : tk. 200.00
035 ## - SYSTEM CONTROL NUMBER
System control number (BD-RjUL)39705
040 ## - CATALOGING SOURCE
Original cataloging agency BD-RjUL
Language of cataloging ben
Transcribing agency BD-RjUL
041 ## - LANGUAGE CODE
Language code of text/sound track or separate title ben
082 ## - DEWEY DECIMAL CLASSIFICATION NUMBER
Edition number 23
Classification number 891.444
Author mark and year MAS 2014
100 ## - MAIN ENTRY--PERSONAL NAME
Personal name মাহমুদ,অনীক
9 (RLIN) 121948
245 10 - TITLE STATEMENT
Title সিদ্ধির শিখর : কবির অভিযাত্রা
Statement of responsibility, etc. অনীক মাহমুদ
260 ## - PUBLICATION, DISTRIBUTION, ETC. (IMPRINT)
Place of publication, distribution, etc. ঢাকা :
Name of publisher, distributor, etc. আলেয়া বুক ডিপো,
Date of publication, distribution, etc. ২০১৪.
300 ## - PHYSICAL DESCRIPTION
Pagination ১৯১ পৃ. ;
Size ২১ সেমি.
650 ## - SUBJECT ADDED ENTRY--TOPICAL TERM
Topical term or geographic name as entry element বাংলা সাহিত্য
Form subdivision প্রবন্ধ
9 (RLIN) 120164
Topical term or geographic name as entry element Bengali Literature
Form subdivision Essays
9 (RLIN) 118115
942 ## - ADDED ENTRY ELEMENTS (KOHA)
Source of classification or shelving scheme Dewey Decimal Classification
Koha item type Books
Holdings
Lost status Source of classification or shelving scheme Damaged status Not for loan Collection code Permanent Location Current Location Shelving location Date acquired Source of acquisition Cost, normal purchase price Total Checkouts Full call number Date last seen Copy number Koha item type Date checked out
  Dewey Decimal Classification   Not For Loan Non-fiction Central Library, University of Rajshahi Central Library, University of Rajshahi Reading Room 10/04/2014 Dept. of Bangla, RU 200.00   B 891.444 MAS 2014 13/04/2016 C-1 Books  
  Dewey Decimal Classification     Non-fiction Central Library, University of Rajshahi Central Library, University of Rajshahi   10/04/2014 Dept. of Bangla, RU 200.00 2 B 891.444 MAS 2014 21/11/2024 C-2 Books 13/11/2024
  Dewey Decimal Classification     Non-fiction Central Library, University of Rajshahi Central Library, University of Rajshahi   10/04/2014 Dept. of Bangla, RU 200.00   B 891.444 MAS 2014 13/04/2016 C-3 Books  
  Dewey Decimal Classification     Non-fiction Central Library, University of Rajshahi Central Library, University of Rajshahi   10/04/2014 Dept. of Bangla, RU 200.00   B 891.444 MAS 2014 13/04/2016 C-4 Books  
  Dewey Decimal Classification     Non-fiction Central Library, University of Rajshahi Central Library, University of Rajshahi   10/04/2014 Dept. of Bangla, RU 200.00 2 B 891.444 MAS 2014 29/03/2018 C-5 Books 20/03/2018